Comarcas de las Islas Baleares en un Mapa - Estadísticas

Estadísticas generales
  • Esta prueba ha sido intentada 24 veces
    22 desde el último reinicio
  • La puntuación promedio es 6 de 9
Respuestas en el mapa
Las respuestas están codificadas por una escala verde-roja en el mapa de la prueba según el % correcto abajo.
 
Estadísticas de respuestas
Comarcas % Correcto
Menorca
100%
Formentera
93%
Ibiza
93%
Palma de Mallorca
93%
Levante
53%
Sierra de Tramontana
47%
Migjorn
33%
Raiguer
33%
Llano de Mallorca
20%
No se encontraron pruebas coincidentes
Distribución de puntuación
Porcentaje de gente con cada puntuación
Porcentaje por número respondido
Historial de tus puntuaciones
No has intentado esta prueba desde el último reinicio